000 00589nam a2200193Ia 4500
003 GCL
005 20240530103704.0
008 140319s9999 xx 000 0 ara d
040 _aGCL /
_cGCL
082 0 4 _b415.03
_bا م
100 1 _aاميل بديع يعقوب
245 1 0 _aموسوعة النحو والصرف والاعراب /
_cاميل بديع يعقوب
300 _a722 ص ؛
_b24 سم
650 0 4 _aاللغة العربية
650 0 4 _aالصرف
650 0 4 _aاللغة العربية - النحو
650 0 4 _aاللغويون - تراجم
942 _2ddc
_cBK
999 _c41698
_d41698